Modern-Day Countries of the Inca Empire on a Map - Statistics

General Stats
  • This quiz has been taken 56,858 times
  • The average score is 6 of 6
Answers on the Map
Answers color-coded by a green-red scale on the quiz's map according to % correct below.
 
Answer Stats
Country % Correct
Chile
100%
Argentina
99%
Peru
99%
Bolivia
98%
Colombia
97%
Ecuador
97%
No matching quizzes found
Score Distribution
Percent of People with Each Score
Percentile by Number Answered
Your Score History
You have not taken this quiz